000 00697cam a22002534a 4500
008
020 _a0240519795 (pbk. )
049 _aMAIN
090 _aTR550 CHI
100 _aChild, John.
245 1 0 _aStudio photography /
_cJohn Child.
250 _a3rd ed.
260 _aOxford :
_bFocal Press,
_c2005.
300 _avi, 206 p. :
_bcol.ill. ;
_c25 cm.
440 0 _aEssential skills
650 0 _aPhotography
_xStudios and dark rooms.
650 0 _aPhotography
_xLighting.
650 0 _aIndoor photography.
907 _a.b10238049
_b30-04-07
_c22-03-07
003
005 20230123134417.0
040 _cNUST
942 _cBOOKS
_kTR550 CHI
999 _c165444
_d165444